| 000 | 00580nam a2200193Ia 4500 | ||
|---|---|---|---|
| 001 | 58176 | ||
| 008 | 141215n2013 ii |||gr||||Z||||||465 | ||
| 020 | _a978--81-7381-1173 | ||
| 082 | _a590 | ||
| 245 | 0 |
_aFundamentals of Biology of Animals _cSimananda Adhikari, Arup Kumar Sinha _hTextual Documents |
|
| 250 | _a4th ed. | ||
| 260 |
_aWest Bengal _bNew Central Book Agency _c2013 |
||
| 300 |
_a287pg: _c23cm. |
||
| 653 | _aAnimals (Zoology) | ||
| 653 | _aDept- Zoology | ||
| 700 |
_aAdhikari,Simananda , _eAuthor., |
||
| 700 |
_aSinha, Arup Kumar , _eAuthor., |
||
| 942 |
_2ddc _cBK |
||
| 999 |
_c58075 _d58075 |
||